<?xml version="1.0" encoding="UTF-8"?>
<collection xmlns="http://www.loc.gov/MARC21/slim">
 <record>
  <leader>00491pamaa2200157   4500</leader>
  <controlfield tag="001">0000009832</controlfield>
  <controlfield tag="005">20060804090000.0</controlfield>
  <datafield tag="020" ind1="0" ind2="0">
   <subfield code="a">052143680X </subfield>
  </datafield>
  <datafield tag="082" ind1=" " ind2=" ">
   <subfield code="a">428.24 MUR</subfield>
  </datafield>
  <datafield tag="090" ind1="0" ind2="0">
   <subfield code="a">PE1121 </subfield>
   <subfield code="b">MUR 1994</subfield>
  </datafield>
  <datafield tag="100" ind1="1" ind2="0">
   <subfield code="a">MURPHY </subfield>
  </datafield>
  <datafield tag="245" ind1="1" ind2="0">
   <subfield code="a">English grammar in use : </subfield>
   <subfield code="b">a self-study reference and practice book for intermediate students with answers  </subfield>
   <subfield code="c">Raymond Murphy.</subfield>
  </datafield>
  <datafield tag="250" ind1="0" ind2="0">
   <subfield code="a">2nd ed.</subfield>
  </datafield>
  <datafield tag="260" ind1="0" ind2="0">
   <subfield code="a">Cambridge: </subfield>
   <subfield code="b">C.U.P., </subfield>
   <subfield code="c">1994.</subfield>
  </datafield>
  <datafield tag="300" ind1=" " ind2=" ">
   <subfield code="a">x, 350p.: </subfield>
   <subfield code="b">ill.; </subfield>
   <subfield code="c">25cm.</subfield>
  </datafield>
  <datafield tag="650" ind1="0" ind2="0">
   <subfield code="a">English language -- </subfield>
   <subfield code="x">Grammar </subfield>
  </datafield>
 </record>
</collection>
